000 01221nam a2200337 i 4500
001 000036611
003 DO-SdBNP
005 20250204131137.0
007 ta
008 110404s2012 dr ac 001 0 spa d
020 _a9789945462586
040 _aDO-SdBNP
_bspa
_cBNPHU
_erda
041 _aspa
082 4 _a972.93053
_bS232h
_222
100 1 _aSantana, Wendy,
_eautor
_4aut.
_962895
245 1 4 _aLas heroínas no callan /
_cWendy Santana ; prólogo, Miguel Franjul.
250 _aPrimera edición
264 1 _aSanto Domingo :
_bComisión Permanente de Efemérides Patrias,
_c2012.
300 _a413 páginas :
_bilustraciones, retratos ;
_c23 cm.
336 _atexto
_btxt
_2rdacontent
337 _asin mediación
_bn
_2rdamedia
338 _avolumen
_bnc
_2rdacarrier
490 _aColección 50 Aniversario del ajusticiamiento de Trujillo 1961-2011 ;
_v11
500 _aIncluye índice onomástico
590 _aInventariado, 2024/ YL
600 1 4 _aTrujillo Molina, Rafael Leónidas,
_d 1891-1961
_976764
650 4 _aHomicidio político
_zRepública Dominicana
_xHistoria
_962896
700 1 _aFranjul, Miguel,
_eprologuista
_9428
_4pr.
910 _aValidado. Control de calidad MFF
942 _2ddc
_cLBS1
999 _c36102
_d36102